<?xml version="1.0" encoding="UTF-8"?>
<collection xmlns="http://www.loc.gov/MARC21/slim">
 <record>
  <leader>00413nam  2200133#c 4500</leader>
  <controlfield tag="001">LC-10702</controlfield>
  <controlfield tag="003">UMA</controlfield>
  <controlfield tag="005">20230415    212515</controlfield>
  <controlfield tag="008">230415suuuu####   ##########||||#0#spa#d</controlfield>
  <datafield tag="336" ind1=" " ind2=" ">
   <subfield code="a">texto</subfield>
  </datafield>
  <datafield tag="337" ind1=" " ind2=" ">
   <subfield code="a">no mediado</subfield>
  </datafield>
  <datafield tag="338" ind1=" " ind2=" ">
   <subfield code="a">volumen</subfield>
  </datafield>
  <datafield tag="245" ind1=" " ind2=" ">
   <subfield code="a">Importancia del agua potable como alimento: presencia de metales pesados (arsénico) en el agua para consumo en el departamento de Lavalle</subfield>
  </datafield>
  <datafield tag="100" ind1=" " ind2=" ">
   <subfield code="a">Ortuño, Roxana Paola</subfield>
  </datafield>
 </record>
</collection>
